00654nam a2200181Ia 4500952014000000999001500140003000400155005001700159008004100176020001800217040000900235082002200244100002700266245008000293260004000373300000900413942005000422 00102ddc40708STATISTICSaMESbMEScSTAd2019-02-20g178.00l0o519.502433 BAR/Sp17650r2019-02-20 00:00:00w2019-02-20yBKzGL21R4 c5404d5404OSt20200811143606.0190216s9999||||xx |||||||||||||| ||und|| a9780582003590 coclc a519.502433bBAR/S aBarrow, Michael 94049 0aStatistics For Economics, Accounting And Business Studies /cMichael Barrow bLongman,c1988.aLondon:aNew York: a274p cBK2ddch519.502433iBAR/Sk519.502433mBAR/S